| 000 | 00389nam a2200169Ia 4500 | ||
|---|---|---|---|
| 008 | 210210b1943 xxu||||| |||| 00| 0 eng d | ||
| 041 | _aeng | ||
| 082 | _a335/329 | ||
| 100 | _aTHOMAS (P J) | ||
| 245 | _aWar time prices | ||
| 260 |
_aLondon _bOxford University Press _c1943 |
||
| 650 | _aWar | ||
| 650 | _atime | ||
| 650 | _aprices | ||
| 690 | _aIndian Economics | ||
| 906 | _a004672 | ||
| 999 |
_c127422 _d127422 |
||